№ 19; The Economist

Dettagli Bibliografici
Parent link:The Economist: политико-экономический журнал. № 19.— , за последние 5 лет
Lingua:inglese
Pubblicazione: 2016
Natura: MixedMaterials Libro
KOHA link:https://koha.lib.tpu.ru/cgi-bin/koha/opac-detail.pl?biblionumber=562816

MARC

LEADER 00000nam2a2200000 4500
001 562816
005 20231101123327.0
035 |a (RuTPU)RU\TPU\prd\258244 
090 |a 562816 
100 |a 20160525a18439999m y0engy50 ba 
101 0 |a eng 
102 |a GB 
200 0 |a № 19 
210 |d 2016 
461 1 |0 (RuTPU)RU\TPU\prd\42174  |t The Economist  |o политико-экономический журнал  |v № 19  |d за последние 5 лет 
801 0 |a RU  |b 63413507  |c 20010227  |g PSBO 
801 1 |a RU  |b 63413507  |c 20160525 
801 2 |a RU  |b 63413507  |c 20160525  |g RCR 
942 |c BK 
999 |a НТБ_ТПУ  |b ЧЗИЛ  |e -1/20160111  |p П-4526  |s 6/20151117  |u 0,00  |v 1  |y 13821000792256